000 00862nam0a2200253 4500
001 RU\NLR\BIBL_A\011689593
005 20250806210423.0
035 _a(NLR Aleph) 011689593
090 _a76420
_c76420
100 _a20180426d1943 a y0rusy50 ca
101 0 _achv
102 _aRU
105 _aa z 000 y
200 1 _aТӑватӑ ҫапӑҫу
_fЛ. Успенский
210 _aШупашкар
_cЧӑвашгосиздат
_d1943
215 _a22, [1] с.
_cил.
_d20
541 1 _aЧетыре боевых случая
_zrus
686 1 _aШ9(2)6=Чув-4
700 1 _aУспенский
_bЛ. В.
_cписатель
_f1900-1978
_gЛев Васильевич
_3RU\NLR\AUTH\7731241
_4070
852 _aNLR
_bОНЛ
_jЧув./2-548
942 _cBOOK
945 _aРоссийская национальная библиотека
980 _aBV